000 00407nam a22001457a 4500
082 _a621.3
_bDHA
_cL-9, P-40
100 _aDharap, P.W
_941133
245 _aQuestion and answers in electrical engineering practice
250 _aVol II
260 _aMumbai
_bUnited book Corporation
_c1950
300 _a266p.:
_c25cm.
526 _a0
_b0
_c0
_d621_300000000000000_DHA
650 _aMCE
_9379
942 _2ddc
_cBK
999 _c545323
_d545323